000 00757nam a2200229 a 4500
001 56258
003 BD-RjUL
005 20211209080355.0
008 161128s1953 bg ||||| |||| 00| 0 ben d
020 _c: TK 1.00
035 _a(BD-RjUL)56382
040 _aBD-RjUL
_bben
_cBD-RjUL
041 _aben
082 _223
_a891.442
_bHAE 1953
100 _aহক, ওবায়েদ-উল
_9167380
245 1 0 _aএই পার্কে :
_bনাটক /
_cওবায়েদ-উল হক
260 _aফেনী :
_bহক এ্যান্ড হক,
_c১৯৫৩
300 _a৭০ পৃ. ;
_c১৭ সেমি .
650 _aবাংলা নাটক
_9167381
650 _aBengali Drama
_9167382
942 _2ddc
_cBK
999 _c56258
_d56258